[Event "Mumbai Wealth rating op 4th"]
[Site "Mumbai"]
[Date "2019.01.06"]
[Round "8"]
[White "Mishra, Sanjeev"]
[Black "Aditya, Ramanathan"]
[Result "1-0"]
[WhiteElo "1662"]
[BlackElo "1493"]
[PlyCount "81"]
[EventDate "2018.12.30"]
[EventType "swiss"]
[EventRounds "9"]
[EventCountry "IND"]
[SourceTitle "CBM 188 Extra"]
[Source "ChessBase"]
[SourceDate "2019.02.26"]
[SourceVersion "1"]
[SourceVersionDate "2019.02.26"]
[SourceQuality "1"]

1. e4 e5 2. Nf3 Nc6 3. Bc4 Bc5 4. 0-0 Nf6 5. d4 Bxd4 6. Nxd4 Nxd4 7. Bg5 d6 8. f4 Be6 9. Na3 Bxc4 10. Nxc4 Ne6 11. fxe5 Nxg5 12. exf6 gxf6 13. Qd4 Qe7 14. Rae1 Ne6 15. Qf2 Rg8 16. Ne3 Ng5 17. Qf5 c6 18. Ng4 Rg6 19. Nxf6+ Kf8 20. h4 Ne6 21. h5 Rg7 22. Nxh7+ Kg8 23. Nf6+ Kh8 24. c3 Ng5 25. e5 d5 26. Kh1 Ne4 27. Rxe4 dxe4 28. Qf4 Rh7 29. Nxh7 Kxh7 30. Qxe4+ Kh8 31. Rf6 Qf8 32. Qf4 Qg7 33. Rxf7 Qxf7 34. Qxf7 Rg8 35. e6 c5 36. e7 c4 37. Qxg8+ Kxg8 38. e8Q+ Kh7 39. Qg6+ Kh8 40. h6 b5 41. Qg7# 1-0

[Event "Mumbai Wealth op U13 4th"]
[Site "Mumbai"]
[Date "2019.01.03"]
[Round "5"]
[White "Aditya, Ramanathan"]
[Black "Kinkhabwala, Hrithik"]
[Result "1-0"]
[WhiteElo "1493"]
[BlackElo "1244"]
[PlyCount "107"]
[EventDate "2018.12.30"]
[EventType "swiss"]
[EventRounds "9"]
[EventCountry "IND"]
[SourceTitle "CBM 188 Extra"]
[Source "ChessBase"]
[SourceDate "2019.02.26"]
[SourceVersion "1"]
[SourceVersionDate "2019.02.26"]
[SourceQuality "1"]

1. e4 e5 2. Nf3 Nc6 3. d4 exd4 4. Bc4 Nf6 5. e5 d5 6. Bb5 Ne4 7. Nxd4 Bc5 8. Be3 Bd7 9. Bxc6 bxc6 10. 0-0 Qe7 11. f3 Nd6 12. f4 Nc4 13. Qc1 Nxe3 14. Qxe3 Bb6 15. Nd2 Qb4 16. N2b3 0-0 17. c3 Qe7 18. Rae1 c5 19. Nc2 Bf5 20. Qd2 Be4 21. Kh1 Rad8 22. Ne3 f6 23. exf6 Qxf6 24. Ng4 Qh4 25. Ne5 Rd6 26. Qf2 Rh6 27. Qxh4 Rxh4 28. Nd7 Rfxf4 29. Nbxc5 Bxc5 30. Nxc5 Rhg4 31. Rxf4 Rxf4 32. Nxe4 Rxe4 33. Rxe4 dxe4 34. Kg1 Kf7 35. Kf2 Ke6 36. Ke3 Ke5 37. b3 c6 38. a3 h6 39. c4 g6 40. b4 c5 41. b5 g5 42. a4 h5 43. a5 h4 44. a6 Kd6 45. b6 axb6 46. a7 b5 47. cxb5 c4 48. a8Q Kc5 49. Qc6+ Kb4 50. b6 c3 51. b7 Kb3 52. b8Q+ Kc2 53. Qxe4+ Kd1 54. Qbb1# 1-0